000
00327nam a22001457a 4500
008
210607b ||||| |||| 00| 0 eng d
020
_a
9780123813244
041
_a
eng
080
_a
573
082
_a
573
100
_a
11
101
_a
BIO
245
_a
International Review of Neurobiology
_c
Angela Clow
942
_2
udc
_c
BK
999
_c
58047
_d
58047